Central Library OPAC University of Rajshahi

How the USSR is working for disarmament at the UN : (Record no. 26879)

MARC details
000 -LEADER
fixed length control field 00801nam a2200253 a 4500
001 - CONTROL NUMBER
control field 26879
003 - CONTROL NUMBER IDENTIFIER
rucl marc code BD-RjUL
005 - DATE AND TIME OF LATEST TRANSACTION
control field 20211209051059.0
008 - FIXED-LENGTH DATA ELEMENTS--GENERAL INFORMATION
fixed length control field 140323s1982 ru 000 0 eng
035 ## - SYSTEM CONTROL NUMBER
System control number (BD-RjUL)26950
040 ## - CATALOGING SOURCE
Original cataloging agency DLC
Transcribing agency DLC
Modifying agency DLC
-- BD-RjUL
Language of cataloging eng
041 1# - LANGUAGE CODE
Language code of text/sound track or separate title engrus
082 00 - DEWEY DECIMAL CLASSIFICATION NUMBER
Classification number 327.174
Edition number 19
Author mark and year HOW 1982
245 00 - TITLE STATEMENT
Title How the USSR is working for disarmament at the UN :
Remainder of title selected documents /
Statement of responsibility, etc. compiled by Sergei Batsanov.
260 ## - PUBLICATION, DISTRIBUTION, ETC. (IMPRINT)
Place of publication, distribution, etc. Moscow :
Name of publisher, distributor, etc. Novosti Press Agency Pub. House,
Date of publication, distribution, etc. 1982.
300 ## - PHYSICAL DESCRIPTION
Pagination 207 p. ;
Size 17 cm.
650 #0 - SUBJECT ADDED ENTRY--TOPICAL TERM
Topical term or geographic name as entry element Nuclear disarmament.
9 (RLIN) 82602
Topical term or geographic name as entry element Disarmament.
9 (RLIN) 82603
651 #0 - SUBJECT ADDED ENTRY--GEOGRAPHIC NAME
Geographic name Soviet Union
General subdivision Foreign relations
Chronological subdivision 1945-1991.
9 (RLIN) 2854
700 1# - ADDED ENTRY--PERSONAL NAME
Personal name Batsanov, Sergei.
942 ## - ADDED ENTRY ELEMENTS (KOHA)
Source of classification or shelving scheme Dewey Decimal Classification
Koha item type Books
Holdings
Lost status Source of classification or shelving scheme Damaged status Not for loan Collection code Permanent Location Current Location Shelving location Date acquired Source of acquisition Total Checkouts Full call number Date last seen Copy number Koha item type
  Dewey Decimal Classification   Added to bundle Non-fiction Central Library, University of Rajshahi Central Library, University of Rajshahi Reading Room 11/03/1986 USSR   327.174 HOW 1982 23/03/2014 C-1 Books